Statistiques concernant Communes Limitrophes de Nîmes

Cliquez ici pour prendre le quiz!

Statistiques générales

  • Ce quiz a été pris 111 fois
  • Le résultat moyen est 5 sur 16

Statistiques - réponses

Communes% Correct
EstMarguerittes
74%
Sud-EstCaissargues
70%
OuestCaveirac
56%
Nord-EstPoulx
55%
Sud-OuestMilhaud
50%
NordLa Calmette
49%
SudSaint-Gilles
30%
SudGénérac
27%
NordSainte-Anastasie
27%
OuestClarensac
24%
Nord-OuestParignargues
20%
NordDions
17%
Nord-OuestGajan
13%
Nord-OuestLa Rouvière
6%
Sud-EstBouillargues
5%
Sud-EstRodilhan
4%

Distribution des résultats

Percentile par nombre de réponses

% des personnes avec chaque résultat

Votre développement - résultats

Vous n’avez pas pris ce quiz